000 01150cam a2200253 a 4500
999 _c20255
_d20255
005 20180712094342.0
008 930617s1992 nyua b 101 0 eng d
020 _a0231076029
040 _aCO-BoIAVH
_cCO-BoIAVH
041 0 _aeng
044 _axxu
082 0 4 _a333.7516
_bC75n
245 0 0 _aConservation of neotropical forests :
_bworking from traditional resource use /
_ceditado por Kent H. Redford y Christine Padoch
260 _aNueva York (EE.UU.) :
_bColumbia University Press,
_c1992.
300 _axiii, 475 páginas :
_bilustraciones ;
_c24 x 16 cm.
504 _aIncluye referencias bibliográficas.
650 2 6 _aOrdenación forestal
_zAmérica latina
_xCongresos, conferencias, etc.
650 2 6 _aPueblos indígenas
_xSituación económica
_zAmérica central
_vCongresos, conferencias, etc.
650 2 6 _aPueblos indígenas
_xSituación económica
_zAmérica del sur
_vCongresos, conferencias, etc.
650 2 6 _aBosque húmedo
_zAmérica latina
_xCongresos, conferencias, etc.
700 1 _aPadoch, Christine.
_eeditora
700 1 _aRedford, Kent Hubbard.
_eeditora
942 _2ddc
_cLIBRO